| 000 | 00323nam a2200121Ia 4500 | ||
|---|---|---|---|
| 008 | 230907s9999||||xx |||||||||||||| ||und|| | ||
| 082 | _a629.2540288,HOL | ||
| 100 |
_aHollembeak, Barry. _983909 |
||
| 245 | 0 | _aAutomotive electricity & electronics: | |
| 260 |
_aDelmar _bCanada _c2011 |
||
| 300 | _axviii,746p.: | ||
| 942 | _cBK | ||
| 999 |
_c597896 _d597896 |
||